[Event "European Blitz 2017"]
[Site "Katowice POL"]
[Date "2017.12.15"]
[Round "10.32"]
[White "Wiewiora, Eneasz"]
[Black "Ladva, Ottomar"]
[Result "1/2-1/2"]
[WhiteTitle "FM"]
[BlackTitle "GM"]
[WhiteElo "2320"]
[BlackElo "2522"]
[WhiteFideId "1140396"]
[BlackFideId "4500024"]
[EventDate "2017.12.15"]
[EventType "blitz"]

1. e4 c5 2. c3 d5 3. exd5 Qxd5 4. d4 Nf6 5. Nf3 cxd4 6. cxd4 e6 7. Bd3 Nc6 8.
O-O Be7 9. Nc3 Qd6 10. Be3 O-O 11. Qe2 Nb4 12. Bb1 b6 13. Nb5 Qd8 14. Bf4 Nbd5
15. Bg3 Bb7 16. Ne5 a6 17. Nc3 Nxc3 18. bxc3 Rc8 19. Qd3 Be4 20. Qxa6 Rxc3 21.
Bxe4 Nxe4 22. Rad1 Ra3 23. Qb7 Nxg3 24. hxg3 Bf6 25. Nc6 Qd6 26. d5 Rxa2 27.
Qxb6 exd5 28. Qb3 Ra6 29. Nd4 Rd8 30. Qf3 Qc5 31. Nf5 g6 32. Nh6+ Kg7 33. Ng4 h5
34. Ne3 d4 35. Rc1 Qd6 36. Nc4 Qd5 37. Qd3 Rc6 38. Nd2 Rc3 39. Qe4 d3 40. Rxc3
Bxc3 41. Qxd5 Rxd5 42. Nf3 g5 43. Rd1 g4 44. Ne1 d2 45. Nc2 Kf6 46. Kf1 Kg5 47.
Ke2 f5 48. Ne3 Rd4 49. Rb1 Rd8 50. Rb5 Kg6 51. Rb6+ Kg5 52. Rb5 Kg6 53. Rb6+ Kf7
54. Rc6 Bb4 55. Rb6 Bc3 56. Rb3 Ba5 57. Rb5 Ra8 58. Rxf5+ Kg6 59. Rd5 Bc3 60.
Rd3 Bb4 61. Nc2 Ba5 62. Ne3 Rb8 63. Nc4 Bb4 64. Nxd2 Bxd2 65. Kxd2 Re8 66. Re3
Rd8+ 67. Ke2 Ra8 68. Re6+ Kf5 69. Rd6 Ra2+ 70. Rd2 Ra5 71. Rb2 Kg5 72. Rb3 Re5+
73. Re3 Ra5 74. Rb3 Re5+ 75. Kd3 Rf5 76. Ke3 Re5+ 77. Kd3 Rf5 78. Ke2 Re5+ 79.
Re3 Ra5 80. Rd3 Re5+ 81. Kd2 Ra5 82. Rc3 Rf5 83. f4+ gxf3 84. gxf3 h4 85. gxh4+
Kxh4 86. Rc4+ Kg5 87. f4+ Kg6 88. Ke3 Kg7 89. Ke4 Ra5 90. f5 Kf6 91. Rc6+ Kf7
92. Kf4 Ra1 93. Rc7+ Kf6 94. Rc6+ Kf7 95. Rc7+ Kf6 96. Rc6+ 1/2-1/2

[Event "European Blitz 2017"]
[Site "Katowice POL"]
[Date "2017.12.15"]
[Round "10.33"]
[White "Bartel, Mateusz"]
[Black "Nestorenko, Dmitry"]
[Result "1-0"]
[WhiteTitle "GM"]
[WhiteElo "2609"]
[BlackElo "2253"]
[WhiteFideId "1112635"]
[BlackFideId "14129728"]
[EventDate "2017.12.15"]
[EventType "blitz"]

1. e4 c5 2. Nf3 Nc6 3. Bb5 g6 4. O-O Bg7 5. Nc3 a6 6. Bxc6 dxc6 7. d3 e5 8. Be3
b6 9. a3 Ne7 10. b4 cxb4 11. axb4 O-O 12. Na4 Rb8 13. Nd2 f5 14. f3 Be6 15. Qe1
Qc7 16. Nb2 Ra8 17. Nbc4 b5 18. Na5 Nc8 19. Ndb3 Rd8 20. Qc3 Ne7 21. Nc5 Bf7 22.
Bg5 Rd6 23. Nab3 Nc8 24. Nxa6 Qb6+ 25. Nac5 Rxa1 26. Rxa1 h6 27. Be3 Qc7 28. Ra8
Kh7 29. Qa1 fxe4 30. fxe4 Bxb3 31. Nxb3 Rd7 32. Qa6 Nd6 33. Bb6 Qb7 34. Qxb7
Rxb7 35. Bc5 Nf7 36. Rc8 1-0

[Event "European Blitz 2017"]
[Site "Katowice POL"]
[Date "2017.12.15"]
[Round "10.34"]
[White "Kreisl, Robert"]
[Black "Dvirnyy, Danyyil"]
[Result "0-1"]
[WhiteTitle "IM"]
[BlackTitle "GM"]
[WhiteElo "2440"]
[BlackElo "2532"]
[WhiteFideId "1613880"]
[BlackFideId "817570"]
[EventDate "2017.12.15"]
[EventType "blitz"]

1. e4 g6 2. d4 Bg7 3. c4 c5 4. Nf3 Qa5+ 5. Nc3 Nc6 6. d5 Nd4 7. Bd2 d6 8. Nxd4
cxd4 9. Nb5 Qd8 10. Bb4 Nf6 11. Qxd4 O-O 12. Qd3 Bd7 13. Nc3 Ng4 14. Qe2 Rc8 15.
f4 Qb6 16. Ba3 Rxc4 17. Qf3 Bxc3+ 18. bxc3 Rxe4+ 19. Qxe4 Qf2+ 20. Kd1 Ne3+ 21.
Kc1 Qe1+ 22. Kb2 Nd1+ 23. Rxd1 Qxe4 24. Ka1 Qa4 0-1

[Event "European Blitz 2017"]
[Site "Katowice POL"]
[Date "2017.12.15"]
[Round "10.35"]
[White "Rocha, Sergio"]
[Black "Mohr, Georg"]
[Result "0-1"]
[WhiteTitle "IM"]
[BlackTitle "GM"]
[WhiteElo "2370"]
[BlackElo "2473"]
[WhiteFideId "1900404"]
[BlackFideId "14600013"]
[EventDate "2017.12.15"]
[EventType "blitz"]

1. Nf3 g6 2. d4 Bg7 3. g3 Nf6 4. Bg2 O-O 5. O-O d6 6. Re1 Nc6 7. e4 e5 8. d5 Ne7
9. c4 a5 10. Nc3 Nd7 11. b3 h6 12. Rb1 f5 13. a3 Nc5 14. Be3 fxe4 15. Nd2 Nf5
16. Ndxe4 Nxe3 17. Rxe3 b6 18. b4 axb4 19. axb4 Nxe4 20. Bxe4 g5 21. Qd3 Ra3 22.
Ree1 Bd7 23. c5 bxc5 24. bxc5 Qf6 25. Re2 dxc5 26. Qc4 Kh8 27. Qxc5 Qd6 28. Qc4
Bg4 29. Ra2 Rxa2 30. Nxa2 Qf6 31. Qc2 Bf3 32. Nc3 g4 33. Qd3 Qg5 34. Nb5 Qe7 35.
Rc1 Qb4 36. Qc4 Qd2 37. Bxf3 gxf3 38. Nxc7 e4 39. Qc2 Qxc2 40. Rxc2 Rd8 41. h3
Be5 42. g4 Rc8 43. Rc4 Rxc7 0-1

[Event "European Blitz 2017"]
[Site "Katowice POL"]
[Date "2017.12.15"]
[Round "10.36"]
[White "Trent, Lawrence"]
[Black "Meissner, Felix"]
[Result "1/2-1/2"]
[WhiteTitle "IM"]
[BlackTitle "FM"]
[WhiteElo "2436"]
[BlackElo "2333"]
[WhiteFideId "408638"]
[BlackFideId "24671827"]
[EventDate "2017.12.15"]
[EventType "blitz"]

1. e4 c6 2. Nc3 g6 3. d4 d5 4. Be3 dxe4 5. Nxe4 Nf6 6. Nxf6+ exf6 7. Qd2 h5 8.
O-O-O Be6 9. Kb1 b5 10. Ne2 Nd7 11. Nf4 Nb6 12. Nxe6 fxe6 13. Bd3 Kf7 14. c3 Qd5
15. f3 Nc4 16. Qe2 Nxe3 17. Qxe3 Bh6 18. Qe2 a5 19. Be4 Qd6 20. Rhe1 f5 21. Bc2
Rhe8 22. g4 hxg4 23. fxg4 a4 24. a3 Re7 25. h4 Rae8 26. h5 gxh5 27. gxf5 exf5
28. Qxh5+ Qg6 29. Rxe7+ Rxe7 30. Qxf5+ Qxf5 31. Bxf5 Ke8 32. Rg1 Rg7 33. Re1+
Re7 34. Rh1 Bg7 35. Rg1 Kd8 36. Rg6 Kc7 37. Bg4 Rf7 38. Bh3 Bf8 39. Bg2 Bd6 40.
Ka2 Re7 41. Rg4 Re2 42. Rg7+ Re7 43. Rg4 Re2 44. Be4 Be7 45. Kb1 Re1+ 46. Kc2
Re2+ 47. Kc1 Bf8 48. Bd3 Bh6+ 49. Kb1 Re1+ 50. Ka2 Re3 51. Bf1 Bf8 52. Rg2 Re1
53. Bd3 Re3 54. Bf5 Re7 55. Kb1 Re1+ 56. Kc2 Bh6 57. Bg4 Rc1+ 58. Kd3 Re1 59.
Be2 Rb1 60. Bf3 Rf1 61. Bxc6 Kxc6 62. Rg6+ Kd5 63. Rxh6 Rf2 64. Rh5+ Kc6 65.
Rc5+ Kb6 66. c4 bxc4+ 67. Kc3 Rf3+ 68. Kxc4 Rb3 69. d5 Rxb2 70. Rc6+ Kb7 71. Kd4
Rd2+ 72. Ke5 Rd3 73. Rc4 Rxa3 74. d6 Re3+ 75. Kd4 Re1 76. Rxa4 Kc6 77. Ra6+ Kd7
78. Kd5 Rd1+ 79. Ke4 1/2-1/2

[Event "European Blitz 2017"]
[Site "Katowice POL"]
[Date "2017.12.15"]
[Round "10.39"]
[White "Georgiev, Kiril"]
[Black "Barski, Radoslaw"]
[Result "1-0"]
[WhiteTitle "GM"]
[BlackTitle "IM"]
[WhiteElo "2623"]
[BlackElo "2452"]
[WhiteFideId "2900017"]
[BlackFideId "1131710"]
[EventDate "2017.12.15"]
[EventType "swiss"]

1. d4 d5 2. Nf3 Nf6 3. c4 c6 4. Nc3 e6 5. g3 dxc4 6. a4 Bb4 7. Bg2 Nbd7 8. O-O
O-O 9. Qc2 a5 10. Rd1 Qe7 11. Na2 Bd6 12. Qxc4 e5 13. Nc3 Re8 14. h3 h6 15. Nh4
Nf8 16. dxe5 Bxe5 17. Be3 Be6 18. Qc5 Qc7 19. Nf3 N8d7 20. Qa3 Bxc3 21. bxc3 Nd5
22. Bd2 c5 23. Rab1 Rad8 24. e4 N5b6 25. Bf4 Qc8 26. Nd2 g5 27. Be3 Qc7 28. Bf1
Rc8 29. Rb5 Red8 30. Rdb1 Qc6 31. c4 Rb8 32. Rxa5 Nc8 33. Rab5 Nd6 34. R5b2 b6
35. Bg2 Ne5 36. Qc3 Ndxc4 37. Nxc4 Nxc4 38. Re2 Qxa4 39. h4 Qa3 40. Qf6 Nxe3 41.
Rxe3 Rd3 42. Qxh6 gxh4 43. Qg5+ Kf8 44. Qh6+ Ke7 45. Qxh4+ Kd7 46. Rxd3+ Qxd3
47. Re1 c4 48. Qf4 Rd8 49. Ra1 c3 50. Qf6 Kc6 51. Rc1 Qd2 52. Rxc3+ 1-0

[Event "European Blitz 2017"]
[Site "Katowice POL"]
[Date "2017.12.15"]
[Round "10.40"]
[White "Kantans, Toms"]
[Black "Tregubov, Pavel V."]
[Result "1-0"]
[WhiteTitle "GM"]
[BlackTitle "GM"]
[WhiteElo "2484"]
[BlackElo "2575"]
[WhiteFideId "11602945"]
[BlackFideId "4115341"]
[EventDate "2017.12.15"]
[EventType "blitz"]

1. e4 c5 2. Nf3 e6 3. d4 cxd4 4. Nxd4 Nc6 5. Nc3 Nf6 6. Ndb5 Bb4 7. a3 Bxc3+ 8.
Nxc3 d5 9. exd5 exd5 10. Bd3 O-O 11. O-O d4 12. Ne2 Bg4 13. h3 Bxe2 14. Qxe2 Re8
15. Qf3 Qb6 16. Rd1 Ne5 17. Qg3 Nxd3 18. Qxd3 Rad8 19. Bg5 h6 20. Bh4 Rd6 21. c4
Ne4 22. b4 Qc6 23. Re1 g5 24. f3 Nc3 25. Bf2 Rde6 26. Rxe6 Rxe6 27. Re1 Rxe1+
28. Bxe1 Qf6 29. Kf1 b5 30. cxb5 Qe5 31. Bxc3 dxc3 32. a4 Qc7 33. Qc2 Qc4+ 34.
Kf2 Qxb4 35. Ke3 Qc4 36. g4 Kg7 37. Qc1 Kf8 38. Qc2 Kg7 39. Qd1 c2 40. Qa1+ Kg8
41. Kd2 Qd5+ 42. Kxc2 Qxf3 43. Qc3 Qd5 44. Kb2 Kf8 45. Qh8+ Ke7 46. Qxh6 Qd4+
47. Kb3 Qd3+ 48. Kb4 Qd2+ 49. Kc4 Qc2+ 50. Kd5 Qd3+ 51. Ke5 Qe3+ 52. Kd5 Qd3+
53. Kc6 Qc4+ 54. Kb7 Qxa4 55. Qxg5+ f6 56. Qc5+ Kf7 57. Qd5+ Kg7 58. Qf5 Qa5 59.
Qc5 Kg6 60. h4 Kg7 61. h5 Kh6 62. Qe3+ Kg7 63. Qe7+ Kg8 64. Qe8+ Kg7 65. Qg6+
Kf8 66. Qxf6+ Ke8 67. Qe5+ Kd7 68. Qd5+ Ke7 69. Qc5+ Kf6 70. g5+ Ke6 71. h6 Qd8
72. Qc6+ Kf5 73. Qf6+ 1-0

[Event "European Blitz 2017"]
[Site "Katowice POL"]
[Date "2017.12.15"]
[Round "10.41"]
[White "Shkapenko, Pavel"]
[Black "Fedorov, Alexei"]
[Result "0-1"]
[WhiteTitle "IM"]
[BlackTitle "GM"]
[WhiteElo "2431"]
[BlackElo "2573"]
[WhiteFideId "4151933"]
[BlackFideId "13500465"]
[EventDate "2017.12.15"]
[EventType "blitz"]

1. e4 c5 2. c3 d6 3. d4 Nf6 4. Bd3 Nc6 5. Nf3 g6 6. dxc5 dxc5 7. e5 Ng4 8. Qe2
Bg7 9. Bf4 O-O 10. Bb5 Bd7 11. h3 Ngxe5 12. Nxe5 Nxe5 13. Bxe5 Bxb5 14. Qxb5
Bxe5 15. Qxc5 Bf6 16. O-O b6 17. Qe3 Qd5 18. Nd2 Rfd8 19. Ne4 Bg7 20. Qe2 Qd3
21. Qxd3 Rxd3 22. Rfd1 Rad8 23. Rxd3 Rxd3 24. Kf1 f5 25. Ng5 Rd2 26. Rb1 e5 27.
Nf3 Rd7 28. Ke2 e4 29. Nd2 Kf7 30. Nb3 Ke6 31. a4 Rd5 32. Ra1 h5 33. Ra2 g5 34.
a5 Rb5 35. axb6 axb6 36. Nd2 g4 37. hxg4 hxg4 38. f3 exf3+ 39. gxf3 Be5 40. fxg4
fxg4 41. Nc4 Bf4 42. Kd3 g3 43. b4 Rg5 44. Rg2 b5 45. Ne3 Bxe3 46. Kxe3 Kd5 47.
Kd3 Rg8 48. Ke3 Kc4 49. Kd2 Rd8+ 50. Kc1 Rd3 51. Kb2 Rxc3 52. Re2 Kxb4 53. Re5
Rf3 54. Re4+ Ka5 55. Rg4 b4 56. Rg8 Ka4 57. Ra8+ Kb5 58. Rg8 Kc4 59. Rg4+ Kd3
60. Rxb4 Ke2 61. Kc2 g2 62. Rg4 Kf2 0-1

[Event "European Blitz 2017"]
[Site "Katowice POL"]
[Date "2017.12.15"]
[Round "10.42"]
[White "Arnaudov, G. Petar"]
[Black "Orndahl, Markus"]
[Result "1-0"]
[WhiteTitle "GM"]
[WhiteElo "2439"]
[BlackElo "2182"]
[WhiteFideId "2907127"]
[BlackFideId "1709135"]
[EventDate "2017.12.15"]
[EventType "blitz"]

1. Nf3 Nf6 2. c4 c6 3. g3 d5 4. Bg2 g6 5. b3 Bg7 6. Bb2 O-O 7. d3 a5 8. a3 Na6
9. Nbd2 Bg4 10. h3 Bf5 11. O-O Qb6 12. Rb1 Rfd8 13. Qc2 d4 14. Rfc1 c5 15. Ba1
Qc7 16. Re1 e5 17. Rbd1 h6 18. e4 Be6 19. Kh2 Rf8 20. Ng1 Nh7 21. Bb2 Qd7 22.
Rf1 Qc7 23. Bc1 Nb8 24. f4 exf4 25. gxf4 f5 26. e5 Nc6 27. Kh1 Qe7 28. Ndf3 Kh8
29. Qf2 g5 30. Rde1 Rg8 31. Ne2 Raf8 32. Ng3 g4 33. Nh2 Qh4 34. hxg4 fxg4 35.
Bxc6 bxc6 36. Qg2 Bf5 37. Nxf5 Rxf5 38. Qxg4 Qxg4 39. Nxg4 Bf8 40. Nh2 a4 41.
bxa4 Be7 42. Bd2 Nf8 43. Rb1 Ne6 44. Rb7 Bh4 45. Rb6 Rh5 46. Be1 Bxe1 47. Rxe1
Nxf4 48. Rg1 Re8 49. Rf1 Nxd3 50. Rb7 Nxe5 51. a5 d3 52. a6 Ra8 53. a7 Rf8 54.
Rb8 Rg5 55. Rbxf8+ Rg8 1-0

[Event "European Blitz 2017"]
[Site "Katowice POL"]
[Date "2017.12.15"]
[Round "10.43"]
[White "Costachi, Mihnea"]
[Black "Berchtenbreiter, Maximilian"]
[Result "1/2-1/2"]
[WhiteTitle "IM"]
[BlackTitle "IM"]
[WhiteElo "2441"]
[BlackElo "2387"]
[WhiteFideId "1217518"]
[BlackFideId "24641120"]
[EventDate "2017.12.15"]
[EventType "blitz"]

1. d4 Nf6 2. c4 a6 3. Nc3 c5 4. d5 b5 5. Nf3 b4 6. Nb1 d6 7. Qc2 g6 8. e4 Bg7 9.
Bd3 a5 10. h3 a4 11. O-O Nfd7 12. a3 Nb6 13. axb4 cxb4 14. c5 b3 15. Qe2 dxc5
16. Be3 N8d7 17. Na3 O-O 18. Rac1 e6 19. d6 Qf6 20. Rb1 Ne5 21. Bxc5 Nxd3 22.
Qxd3 Ba6 23. Qe3 Nd7 24. Rfc1 Rfc8 25. Bd4 e5 26. Bc3 Qxd6 27. Rd1 Qe7 28. Rd2
Nf8 29. Rbd1 Bc4 30. Qb6 Be6 31. Nxe5 Rxc3 32. Nc6 Rxc6 33. Qxc6 Rc8 34. Qxa4 g5
35. Nb5 Rc4 36. Qxb3 Rxe4 37. Qf3 Rf4 38. Qe3 h6 39. Nd4 Qb4 40. Nxe6 Nxe6 41.
g3 Rd4 42. Rxd4 Bxd4 43. Qe2 Qxb2 44. Qxb2 Bxb2 45. Kg2 Be5 46. Kf3 Kg7 47. Ke4
Bc7 48. Kf5 Bb6 49. f3 Nd4+ 50. Ke4 f5+ 51. Ke5 Kg6 52. Rxd4 Bxd4+ 53. Kxd4 Kf6
54. Kd5 h5 55. f4 h4 56. fxg5+ Kxg5 57. gxh4+ Kxh4 58. Ke5 1/2-1/2

[Event "European Blitz 2017"]
[Site "Katowice POL"]
[Date "2017.12.15"]
[Round "10.44"]
[White "Fedorov, Evgueny"]
[Black "Pultinevicius, Paulius"]
[Result "0-1"]
[BlackTitle "IM"]
[WhiteElo "2241"]
[BlackElo "2371"]
[WhiteFideId "4188004"]
[BlackFideId "12809390"]
[EventDate "2017.12.15"]
[EventType "blitz"]

1. e4 e5 2. Nf3 Nc6 3. Bb5 a6 4. Ba4 Nf6 5. O-O Be7 6. Re1 b5 7. Bb3 d6 8. c3
O-O 9. h3 Bb7 10. d4 Re8 11. Nbd2 Nd7 12. Nf1 exd4 13. cxd4 Bf6 14. Ng3 Nf8 15.
Nh5 Be7 16. Bxf7+ Kxf7 17. Qb3+ d5 18. exd5 Na5 19. Qc3 Nc4 20. b3 Nd6 21. Nf4
Kg8 22. Ne6 Nxe6 23. dxe6 Bf6 24. Bb2 Ne4 25. Qc2 Rxe6 26. Rac1 Rc8 27. Re3 Rc6
28. Qd1 Rxc1 29. Qxc1 Bd5 30. Ne5 c5 31. Qe1 Nd6 32. dxc5 Rxc5 33. Nd3 Rc8 34.
Nf4 Bf7 35. Bxf6 Qxf6 36. g3 Re8 37. Rxe8+ Nxe8 38. Qa5 Qd6 39. Kg2 Nc7 40. Qc3
Be8 41. h4 Nd5 42. Nxd5 Qxd5+ 43. f3 Bc6 44. a4 b4 45. Qe3 a5 46. h5 h6 47. g4
Qd7 48. Kg3 Qc7+ 49. f4 Bd5 50. Kh4 Bf7 51. g5 0-1

[Event "European Blitz 2017"]
[Site "Katowice POL"]
[Date "2017.12.15"]
[Round "10.45"]
[White "Valsecchi, Alessio"]
[Black "Sliwicka, Alicja"]
[Result "1-0"]
[WhiteTitle "IM"]
[BlackTitle "WFM"]
[WhiteElo "2501"]
[BlackElo "2337"]
[WhiteFideId "818860"]
[BlackFideId "1150677"]
[EventDate "2017.12.15"]
[EventType "blitz"]

1. e4 c5 2. Nf3 e6 3. d4 cxd4 4. Nxd4 a6 5. Bd3 Nf6 6. O-O d6 7. c4 Nbd7 8. Nc3
Be7 9. Qe2 Qc7 10. b3 b6 11. Bb2 Bb7 12. Rae1 Rc8 13. Kh1 Qb8 14. f4 Nc5 15. Bb1
Bd8 16. b4 Ncd7 17. e5 Ng8 18. f5 Nxe5 19. fxe6 f6 20. Nf5 Kf8 21. c5 dxc5 22.
bxc5 bxc5 23. Be4 Bxe4 24. Nxe4 Be7 25. Neg3 Nc6 26. Nxg7 Kxg7 27. Qg4+ Kf8 28.
Nh5 Qxb2 29. Qg7+ Ke8 30. Qxh8 Kd8 31. Qxg8+ Kc7 32. Qg3+ Bd6 33. Qg7+ Be7 34.
Nxf6 Qxa2 35. Qg3+ Kb7 36. Rb1+ Ka7 37. Rbe1 Nd4 38. Qg7 Rc7 39. Ne8 Rb7 40. Qg4
Nb5 41. Rf7 c4 42. Qg7 Qa3 43. Ra1 Qb4 44. Nf6 Qc5 45. Ne4 Qb4 46. h3 c3 47.
Nxc3 Qxc3 48. Qxc3 Nxc3 49. Rxh7 Nd5 50. Rd1 Nf6 51. Rf7 Ne4 52. Rd7 Rxd7 53.
exd7 Bd8 54. Rf8 Bc7 55. d8=Q Bxd8 56. Rxd8 a5 57. h4 Kb6 58. Rd4 Ng3+ 59. Kh2
Nf5 60. Rf4 1-0

[Event "European Blitz 2017"]
[Site "Katowice POL"]
[Date "2017.12.15"]
[Round "10.46"]
[White "Olszynski, Kazimierz"]
[Black "Kourousis, Epaminondas"]
[Result "0-1"]
[BlackTitle "IM"]
[WhiteElo "2151"]
[BlackElo "2393"]
[WhiteFideId "1112376"]
[BlackFideId "4211626"]
[EventDate "2017.12.15"]
[EventType "blitz"]

1. e4 c5 2. f4 d5 3. e5 Nc6 4. Nf3 Bg4 5. Be2 e6 6. O-O Nge7 7. c3 Nf5 8. Na3
Be7 9. d3 h5 10. Nc2 Rc8 11. Rb1 g6 12. Ne3 Nxe3 13. Bxe3 d4 14. cxd4 cxd4 15.
Bf2 Kf8 16. a3 Kg7 17. Nd2 Bxe2 18. Qxe2 Qd5 19. Ne4 Qb3 20. Rfc1 Rhd8 21. h3 a6
22. Qf3 Na7 23. Rxc8 Rxc8 24. Bxd4 Nb5 25. Bf2 Nc3 26. Nxc3 Rxc3 27. bxc3 Qxb1+
28. Kh2 Bxa3 29. f5 exf5 30. Bd4 Kg8 31. Qd5 Qb5 32. Qd8+ Bf8 33. e6 fxe6 34.
Qc8 Qc6 35. Qd8 Qd6+ 36. Qxd6 Bxd6+ 37. Kg1 b5 38. c4 bxc4 0-1

[Event "European Blitz 2017"]
[Site "Katowice POL"]
[Date "2017.12.15"]
[Round "10.48"]
[White "Paszewski, Mateusz"]
[Black "Klekowski, Maciej"]
[Result "0-1"]
[WhiteTitle "FM"]
[BlackTitle "IM"]
[WhiteElo "2307"]
[BlackElo "2498"]
[WhiteFideId "1141058"]
[BlackFideId "1132717"]
[EventDate "2017.12.15"]
[EventType "blitz"]

1. e4 c5 2. Nf3 Nc6 3. Bb5 g6 4. O-O Bg7 5. Re1 e5 6. Bxc6 bxc6 7. d3 Ne7 8. Be3
d6 9. a3 a5 10. Nbd2 O-O 11. Nc4 f5 12. Qc1 f4 13. Bd2 Bg4 14. b4 cxb4 15. axb4
a4 16. Na5 Qd7 17. Nc4 Bxf3 18. gxf3 Qh3 19. Qd1 g5 20. Qe2 Ng6 21. Qf1 Qh5 22.
Qg2 Nh4 23. Qh3 Nxf3+ 24. Kg2 Nh4+ 25. Kh1 g4 26. Qf1 Nf3 27. Qg2 Rf6 28. Rg1
Rh6 29. h3 0-1

[Event "European Blitz 2017"]
[Site "Katowice POL"]
[Date "2017.12.15"]
[Round "10.49"]
[White "Mazurkiewicz, Michal"]
[Black "Miton, Kamil"]
[Result "1-0"]
[BlackTitle "GM"]
[WhiteElo "2215"]
[BlackElo "2584"]
[WhiteFideId "1124943"]
[BlackFideId "1111914"]
[EventDate "2017.12.15"]
[EventType "blitz"]

1. e4 c5 2. Nf3 Nc6 3. d4 cxd4 4. Nxd4 Nf6 5. Nc3 d6 6. g3 g6 7. Bg2 Bg4 8. Nde2
Bg7 9. h3 Bd7 10. O-O Qc8 11. Kh2 h5 12. Nd5 Nxd5 13. exd5 Ne5 14. f4 Nc4 15.
Nd4 Qc5 16. c3 b5 17. Nc6 Bxc6 18. dxc6 e6 19. a4 d5 20. axb5 Qxb5 21. Re1 O-O
22. Qa4 Qb6 23. f5 gxf5 24. Qd1 h4 25. gxh4 Qxc6 26. Rg1 Rfd8 27. Kh1 Kf8 28.
Qh5 Bf6 29. Bg5 Bxg5 30. Qxg5 Ke8 31. Qf6 Nd6 32. Bf3 Kd7 33. c4 Qxc4 34. Rac1
Qf4 35. Rgf1 Rac8 36. Ra1 Qe3 37. Bg2 Rc2 38. Rfe1 Qc5 39. Rg1 Rb8 40. Ra6 Rb6
41. Rxa7+ Kc6 42. Qd8 Kb5 43. Rga1 Kc4 44. Rc7 Rc6 45. b4 Kxb4 46. Qb8+ Nb5 47.
Rb1+ Kc4 48. Rxb5 Rxc7 49. Bf1+ Kd4 50. Rxc5 R7xc5 51. Qf4+ Kc3 52. Qe3+ Kb4 53.
Qd4+ R2c4 54. Bxc4 dxc4 55. Qb2+ Ka5 56. Qc3+ Kb5 57. h5 Rd5 58. h6 Rd3 59. Qb2+
Rb3 60. Qe5+ Kb4 61. h7 Rxh3+ 62. Qh2 Rxh7 63. Qxh7 c3 64. Qh4+ Kb3 65. Qg3 Kb2
66. Qb8+ Kc1 67. Qf4+ Kd1 68. Qd4+ Kc2 69. Kg2 Kb3 70. Qb6+ Kc4 71. Qc6+ Kd3 72.
Qd7+ Ke3 73. Qc7 Kd2 74. Qd6+ Ke3 75. Qc5+ Kd3 76. Qb5+ Kd2 77. Qb4 e5 78. Qd6+ 1-0

[Event "European Blitz 2017"]
[Site "Katowice POL"]
[Date "2017.12.15"]
[Round "10.50"]
[White "Rigopoulos-Tsigkos, Alexandros"]
[Black "Zelbel, Patrick"]
[Result "1-0"]
[BlackTitle "IM"]
[WhiteElo "2117"]
[BlackElo "2456"]
[WhiteFideId "4215109"]
[BlackFideId "24624322"]
[EventDate "2017.12.15"]
[EventType "blitz"]

1. e4 e5 2. Nf3 Nc6 3. Bb5 f5 4. d3 fxe4 5. dxe4 Nf6 6. Bg5 Bb4+ 7. c3 Bc5 8.
O-O d6 9. Bc4 Qe7 10. b4 Bb6 11. a4 a6 12. Qb3 Bg4 13. Nbd2 h6 14. Bxf6 Qxf6 15.
a5 Ba7 16. b5 Nd8 17. bxa6 bxa6 18. Bxa6 Be6 19. Bc4 O-O 20. Qc2 Kh8 21. Qd3
Bxc4 22. Nxc4 Ne6 23. Ne3 Nf4 24. Qd1 Qg6 25. Ra2 Qxe4 26. Nd2 Qd3 27. Ndc4 Qe4
28. Qg4 Rf6 29. Kh1 Rg6 30. Qf3 Qxf3 31. gxf3 Nd3 32. Rd1 Nc5 33. Nd5 c6 34. Ne7
Rf6 35. Nxc6 Rxf3 36. Nxa7 Rxa7 37. Nxd6 Rxc3 38. Nb5 Ra6 39. Nxc3 1-0

[Event "European Blitz 2017"]
[Site "Katowice POL"]
[Date "2017.12.15"]
[Round "10.51"]
[White "Gajewski, Grzegorz"]
[Black "Sgircea, Silvia-Raluca"]
[Result "1-0"]
[WhiteTitle "GM"]
[BlackTitle "WIM"]
[WhiteElo "2601"]
[BlackElo "2193"]
[WhiteFideId "1116207"]
[BlackFideId "1213776"]
[EventDate "2017.12.15"]
[EventType "blitz"]

1. Nf3 c5 2. c4 Nc6 3. g3 g6 4. Bg2 Bg7 5. O-O d6 6. Nc3 Bf5 7. h3 Qd7 8. Kh2
Nf6 9. d3 h6 10. Bd2 O-O 11. a3 Rab8 12. b4 b6 13. Qa4 Rbc8 14. Rab1 Kh7 15.
Rfc1 Be6 16. Nb5 Rfd8 17. Bc3 cxb4 18. axb4 d5 19. Na3 dxc4 20. dxc4 Ne5 21.
Qxd7 Nxf3+ 22. Bxf3 Rxd7 23. Be5 Ne8 24. Bxg7 Kxg7 25. c5 bxc5 26. bxc5 Rdc7 27.
c6 Nd6 28. g4 Rd8 29. Rc5 Bc8 30. Ra5 a6 31. Rb8 Re8 32. Nc2 Nc4 33. Rc5 Nd6 34.
Nb4 Be6 35. Rxe8 Nxe8 36. Nxa6 Rc8 37. c7 Kf6 38. Bb7 1-0

[Event "European Blitz 2017"]
[Site "Katowice POL"]
[Date "2017.12.15"]
[Round "10.52"]
[White "Kislinsky, Alexey"]
[Black "Mroziak, Maciej"]
[Result "1-0"]
[WhiteTitle "GM"]
[BlackTitle "IM"]
[WhiteElo "2513"]
[BlackElo "2397"]
[WhiteFideId "14108801"]
[BlackFideId "1139665"]
[EventDate "2017.12.15"]
[EventType "blitz"]

1. e4 d5 2. exd5 Nf6 3. Nf3 Bg4 4. h3 Bxf3 5. Qxf3 Qxd5 6. Be2 Nc6 7. Nc3 Qxf3
8. Bxf3 Nd4 9. Bd1 O-O-O 10. Ne2 e6 11. c3 Nxe2 12. Bxe2 c5 13. a3 Nd5 14. g3
Nb6 15. b4 Be7 16. O-O h5 17. h4 a6 18. Rb1 c4 19. a4 Nxa4 20. Bxc4 Nb6 21. Be2
g5 22. hxg5 Bxg5 23. d4 Bxc1 24. Rfxc1 f5 25. b5 a5 26. Ra1 a4 27. c4 Rxd4 28.
c5 Nd5 29. Bc4 h4 30. Rxa4 Rh6 31. Ra8+ Kd7 32. Bxd5 exd5 33. Rg8 hxg3 34. Rg7+
Ke6 35. Rxg3 Rg4 36. Rxg4 fxg4 37. Kg2 Ke5 38. Kg3 d4 39. c6 bxc6 40. bxc6 Rh8
41. c7 Rc8 42. Kxg4 d3 43. Kf3 Kd4 44. Rc6 Rf8+ 45. Kg2 Rc8 46. Kf1 Kd5 47. Rc1
Kd4 48. Ke1 Re8+ 49. Kd1 Rc8 50. Kd2 Ke4 51. Rc4+ Kd5 52. Kxd3 Kd6 53. Kd4 Ke6
54. f4 Kd7 55. Kd5 Rf8 56. c8=Q+ Rxc8 57. Rxc8 Kxc8 58. Ke6 Kd8 59. Kf7 1-0